[Event "OIBM2000 - Bank Hofmann"]
[Site "Bad Wiessee"]
[Date "2000.10.29"]
[Round "2"]
[White "Nenashev, Alexander"]
[Black "Keller, Manfred"]
[Result "1-0"]
[WhiteElo "2642"]
[BlackElo "2200"]
[PlyCount "33"]
[EventDate "2000.??.??"]

1. d4 f5 2. Nf3 Nf6 3. Bg5 e6 4. e3 Be7 5. Bd3 b6 6. c4 Bb7 7. Nc3 Ne4 8. Bxe4
fxe4 9. Bxe7 Qxe7 10. Nd2 O-O 11. O-O d5 12. cxd5 exd5 13. Qb3 Qf7 14. f3 Ba6
15. Nxd5 Bxf1 16. Rxf1 c6 17. fxe4 1-0

[Event "OIBM2000 - Bank Hofmann"]
[Site "Bad Wiessee"]
[Date "2000.10.29"]
[Round "2"]
[White "Rozentalis, Eduardas"]
[Black "Lindemann, Christian"]
[Result "1-0"]
[WhiteElo "2570"]
[BlackElo "2195"]
[PlyCount "49"]
[EventDate "2000.??.??"]

1. e4 e5 2. Nf3 Nc6 3. Bb5 a6 4. Bxc6 dxc6 5. O-O Qd6 6. d3 f6 7. Be3 c5 8.
Nbd2 Be6 9. a3 b6 10. Qe2 Ne7 11. Nc4 Bxc4 12. dxc4 Nc6 13. c3 Qe6 14. b4 Bd6
15. Nd2 cxb4 16. axb4 Be7 17. b5 Nb8 18. c5 Bxc5 19. Bxc5 bxc5 20. Ra5 O-O 21.
Rfa1 Rd8 22. bxa6 Rxa6 23. Rxa6 Nxa6 24. Rxa6 Rxd2 25. Ra8+ 1-0

[Event "OIBM2000 - Bank Hofmann"]
[Site "Bad Wiessee"]
[Date "2000.10.29"]
[Round "2"]
[White "Hauschild, Helmut"]
[Black "Gavrikov, Viktor"]
[Result "0-1"]
[WhiteElo "2179"]
[BlackElo "2549"]
[PlyCount "56"]
[EventDate "2000.??.??"]

1. e4 g6 2. Nf3 Bg7 3. g3 c5 4. Bg2 Nc6 5. d3 d6 6. O-O e5 7. c3 Nge7 8. a3 O-O
9. b4 cxb4 10. axb4 b5 11. Na3 Rb8 12. Be3 a5 13. Qd2 axb4 14. cxb4 d5 15. Bc5
Re8 16. Ng5 h6 17. exd5 Nxd5 18. Ne4 Re6 19. Rfd1 Kh7 20. Nc2 f5 21. Nc3 Nc7
22. Ne3 Na6 23. Rxa6 Bxa6 24. Qa2 Bc8 25. Nxb5 Rxb5 26. Qa4 Nd4 27. Bxd4 exd4
28. Qxb5 dxe3 0-1

[Event "OIBM2000 - Bank Hofmann"]
[Site "Bad Wiessee"]
[Date "2000.10.29"]
[Round "2"]
[White "Fischer, Gerd"]
[Black "Epishin, Vladimir"]
[Result "0-1"]
[WhiteElo "2182"]
[BlackElo "2567"]
[PlyCount "58"]
[EventDate "2000.??.??"]

1. e4 c5 2. Nc3 e6 3. Bc4 Nc6 4. Nf3 a6 5. a4 Nf6 6. Qe2 d6 7. d3 Be7 8. Bb3
O-O 9. O-O b6 10. h3 Bb7 11. Bf4 Re8 12. Rad1 Nd7 13. Qd2 Qc7 14. Bg3 Bf6 15.
Ne2 Na5 16. Ba2 Rad8 17. c3 c4 18. Qe3 Nc5 19. e5 dxe5 20. Nxe5 cxd3 21. Nxd3
Qc6 22. f3 Nxd3 23. Rxd3 Qxa4 24. Bb1 Nc4 25. Qc1 Qb3 26. Rfd1 Qxb2 27. Rxd8
Rxd8 28. Rxd8+ Bxd8 29. Qd1 Qd2 0-1

[Event "OIBM2000 - Bank Hofmann"]
[Site "Bad Wiessee"]
[Date "2000.10.29"]
[Round "2"]
[White "Pehlgrim, Andreas"]
[Black "Naumann, Alexander"]
[Result "0-1"]
[WhiteElo "2162"]
[BlackElo "2489"]
[PlyCount "60"]
[EventDate "2000.??.??"]

1. d4 d5 2. c4 c6 3. Nc3 Nf6 4. Nf3 dxc4 5. e4 b5 6. e5 Nd5 7. a4 e6 8. Ng5 Bb4
9. Qf3 O-O 10. Nge4 Nd7 11. axb5 cxb5 12. Bd2 f5 13. Nd6 Bxd6 14. exd6 N7b6 15.
Nxb5 Qd7 16. Ra5 Bb7 17. Qa3 Rfd8 18. Bg5 Re8 19. Be2 e5 20. O-O h6 21. Be7 Nf4
22. Bd1 Bxg2 23. Nc7 Bxf1 24. Kxf1 Rxe7 25. Nxa8 Re6 26. Rxa7 Qxd6 27. Nxb6
Qxa3 28. Rxa3 Rxb6 29. dxe5 Rxb2 30. Re3 Rb1 0-1

[Event "OIBM2000 - Bank Hofmann"]
[Site "Bad Wiessee"]
[Date "2000.10.29"]
[Round "2"]
[White "Wurzel, Andre"]
[Black "Agdestein, Simen"]
[Result "0-1"]
[WhiteElo "2196"]
[BlackElo "2590"]
[PlyCount "54"]
[EventDate "2000.??.??"]

1. c4 c5 2. g3 Nf6 3. Bg2 d5 4. cxd5 Nxd5 5. Nc3 Nc7 6. Nf3 Nc6 7. O-O e5 8.
Ne1 Bd7 9. Nd3 Bd6 10. Ne4 Qe7 11. f4 exf4 12. Nxd6+ Qxd6 13. Nxf4 O-O 14. e3
Rad8 15. b3 Bf5 16. a3 Rfe8 17. Qh5 Bg6 18. Nxg6 hxg6 19. Qf3 Qe6 20. b4 c4 21.
Qf4 Re7 22. Rf2 Ne5 23. Bf1 Nd3 24. Bxd3 Rxd3 25. Bb2 Qd5 26. Bc3 Ne6 27. h4
Nxf4 0-1

[Event "OIBM2000 - Bank Hofmann"]
[Site "Bad Wiessee"]
[Date "2000.10.29"]
[Round "2"]
[White "Ponater, Michael"]
[Black "Gyimesi, Zoltan"]
[Result "0-1"]
[WhiteElo "2175"]
[BlackElo "2539"]
[PlyCount "66"]
[EventDate "2000.??.??"]

1. e4 e5 2. Bc4 Nf6 3. Nc3 Nc6 4. d3 Bb4 5. Nf3 d6 6. O-O Bxc3 7. bxc3 h6 8.
Qe2 Qe7 9. Re1 g5 10. Be3 Bd7 11. Nd2 Kf8 12. Nf1 Ne8 13. Ng3 Ng7 14. Nh5 Re8
15. d4 Na5 16. Bb3 b6 17. Rad1 Be6 18. g3 f6 19. dxe5 fxe5 20. f4 Nxb3 21. axb3
gxf4 22. gxf4 Nxh5 23. Qxh5 Bg4 24. Qg6 Bxd1 25. fxe5 Qg7 26. Qxg7+ Kxg7 27.
Rxd1 dxe5 28. Rd7+ Kg6 29. Rxc7 Rc8 30. Rxa7 Rxc3 31. Bxb6 Rxc2 32. Ra5 Rg8 33.
Kf1 Rb8 0-1

[Event "OIBM2000 - Bank Hofmann"]
[Site "Bad Wiessee"]
[Date "2000.10.29"]
[Round "2"]
[White "Motl, Martin"]
[Black "Mikhalevski, Victor"]
[Result "0-1"]
[WhiteElo "2172"]
[BlackElo "2532"]
[PlyCount "44"]
[EventDate "2000.??.??"]

1. d4 Nf6 2. Nf3 g6 3. c4 Bg7 4. Nc3 d5 5. Bf4 O-O 6. e3 c5 7. Qb3 cxd4 8. Nxd4
dxc4 9. Bxc4 Nbd7 10. Nf3 Nc5 11. Qb5 Nfd7 12. Rd1 a6 13. Qb4 b5 14. Ne4 a5 15.
Bxf7+ Kxf7 16. Nfg5+ Kg8 17. Qxb5 Ba6 18. Qc6 Bb7 19. Qb5 Ba6 20. Qc6 Qc8 21.
Qd5+ e6 22. Nxe6 Bb7 0-1

[Event "OIBM2000 - Bank Hofmann"]
[Site "Bad Wiessee"]
[Date "2000.10.29"]
[Round "2"]
[White "Koszta, Csaba"]
[Black "Beim, Valeri"]
[Result "0-1"]
[WhiteElo "2169"]
[BlackElo "2528"]
[PlyCount "130"]
[EventDate "2000.??.??"]

1. e4 g6 2. d4 Bg7 3. f4 d6 4. Nf3 c5 5. c3 cxd4 6. cxd4 Bg4 7. Bb5+ Kf8 8. Nc3
Bxf3 9. gxf3 Qb6 10. e5 Nh6 11. Qa4 a6 12. Bd3 Nc6 13. Ne2 Rd8 14. Bc2 dxe5 15.
dxe5 Qb4+ 16. Kf2 Nf5 17. Qxb4 Nxb4 18. Bxf5 gxf5 19. Ng3 e6 20. Be3 Nd5 21.
Nh5 f6 22. Rad1 fxe5 23. Nxg7 Kxg7 24. fxe5 Rc8 25. Rhg1+ Kf7 26. Bh6 Rhg8 27.
Rxg8 Rxg8 28. Rc1 Ke7 29. a3 Kd7 30. Bd2 Rg7 31. Rc4 Rf7 32. Kg3 Rg7+ 33. Kf2
b5 34. Rh4 Kc6 35. a4 bxa4 36. Rxa4 Kb5 37. Ra5+ Kb6 38. Ra4 Rc7 39. Ke1 Rc2
40. b3 Rb2 41. Rh4 Rxb3 42. Ke2 Kc5 43. Rxh7 Kd4 44. h4 Rb1 45. Ra7 f4 46. Rxa6
Kxe5 47. Be1 Rb2+ 48. Bd2 Rb7 49. Kd3 Rb1 50. Ke2 Rh1 51. Be1 Rh2+ 52. Bf2 Ne3
53. Ra4 Kf5 54. Ra5+ e5 55. Ra8 Nd1 56. Rf8+ Ke6 57. Kxd1 Rxf2 58. Re8+ Kf6 59.
h5 Rxf3 60. h6 Rh3 61. Rh8 Kf5 62. Ke2 Ke4 63. Kf2 f3 64. Ra8 Rh2+ 65. Kg1 Rxh6
0-1

[Event "OIBM2000 - Bank Hofmann"]
[Site "Bad Wiessee"]
[Date "2000.10.30"]
[Round "3"]
[White "Schlecht, Daniel"]
[Black "Rozentalis, Eduardas"]
[Result "1/2-1/2"]
[WhiteElo "2315"]
[BlackElo "2570"]
[PlyCount "47"]
[EventDate "2000.??.??"]

1. d4 Nf6 2. c4 e6 3. Nf3 b6 4. g3 Bb7 5. Bg2 Be7 6. O-O O-O 7. Nc3 Ne4 8. Nxe4
Bxe4 9. Ne1 d5 10. Qa4 Qd7 11. Qxd7 Nxd7 12. cxd5 exd5 13. Be3 c5 14. dxc5 Bxg2
15. Nxg2 bxc5 16. Rac1 Rfc8 17. Rc2 d4 18. Bd2 c4 19. Rfc1 Nb6 20. Ba5 Rc5 21.
Bb4 Re5 22. Bxe7 Rxe7 23. b3 cxb3 24. axb3 1/2-1/2

[Event "OIBM2000 - Bank Hofmann"]
[Site "Bad Wiessee"]
[Date "2000.10.30"]
[Round "3"]
[White "Schelle, Artur"]
[Black "Sarakauskas, Gediminas"]
[Result "1-0"]
[WhiteElo "2185"]
[BlackElo "2381"]
[PlyCount "67"]
[EventDate "2000.??.??"]

1. e4 e6 2. d4 d5 3. e5 c5 4. c3 Qb6 5. Nf3 Bd7 6. a3 Bb5 7. b4 cxd4 8. Bxb5+
Qxb5 9. cxd4 a5 10. Nc3 Qc6 11. Bd2 axb4 12. axb4 Rxa1 13. Qxa1 Qa6 14. Qa4+
Qxa4 15. Nxa4 b5 16. Nc3 Bxb4 17. Nxb5 Bxd2+ 18. Kxd2 Nh6 19. Nd6+ Ke7 20. Rc1
Nd7 21. Nc8+ Kd8 22. Ng5 Nf8 23. Nd6 Ke7 24. Rc8 Kd7 25. Ra8 f6 26. Ngf7 Nxf7
27. Nxf7 Rg8 28. f4 g5 29. fxg5 fxg5 30. g4 Ke7 31. Nd6 Rh8 32. Kc3 Ng6 33.
Ra7+ Kf8 34. Nf7 1-0

[Event "OIBM2000 - Bank Hofmann"]
[Site "Bad Wiessee"]
[Date "2000.10.30"]
[Round "3"]
[White "Reuss, Andreas"]
[Black "Kalinitschew, Sergey"]
[Result "1-0"]
[WhiteElo "2248"]
[BlackElo "2491"]
[PlyCount "63"]
[EventDate "2000.??.??"]

1. Nf3 d5 2. b3 Bg4 3. Bb2 Nd7 4. g3 e6 5. Bg2 Ngf6 6. d4 Bb4+ 7. c3 Bd6 8.
Nbd2 c6 9. h3 Bh5 10. g4 Bg6 11. Nh4 Be4 12. g5 Bxg2 13. Nxg2 Nh5 14. h4 h6 15.
e4 Nf4 16. Qf3 hxg5 17. O-O-O g4 18. Qxg4 Nd3+ 19. Kc2 Nxf2 20. Qxg7 Qf6 21.
Qxf6 Nxf6 22. e5 Nxd1 23. Rxd1 Be7 24. exf6 Bxf6 25. Nf3 O-O-O 26. Bc1 Rdg8 27.
Ng5 Bxg5 28. hxg5 Rh2 29. Rg1 f6 30. Bf4 Rh5 31. gxf6 Rf5 32. Ne3 1-0

[Event "OIBM2000 - Bank Hofmann"]
[Site "Bad Wiessee"]
[Date "2000.10.30"]
[Round "3"]
[White "Heimrath, Rainer"]
[Black "Hertneck, Gerald"]
[Result "0-1"]
[WhiteElo "2294"]
[BlackElo "2541"]
[PlyCount "70"]
[EventDate "2000.??.??"]

1. e4 g6 2. Nc3 Bg7 3. g3 c5 4. Bg2 Nc6 5. Nge2 e6 6. h4 h5 7. a4 Nge7 8. O-O
d6 9. b3 e5 10. Bb2 O-O 11. Nd5 Nxd5 12. exd5 Ne7 13. f4 Bg4 14. Qe1 Nf5 15.
fxe5 dxe5 16. Kh2 g5 17. hxg5 Qxg5 18. Ng1 h4 19. gxh4 Nxh4 20. Qe3 Qh5 21. Bh3
f5 22. Rae1 Ng6 23. Qg3 Rae8 24. c4 b6 25. a5 Bf6 26. Ra1 Rf7 27. axb6 axb6 28.
Ra6 Bd8 29. Ra8 Rh7 30. d6 Nf4 31. Rf3 Bg5 32. Rxe8+ Qxe8 33. Qf2 Qh5 34. Bxe5
Nxh3 35. Nxh3 Bxf3 0-1

[Event "OIBM2000 - Bank Hofmann"]
[Site "Bad Wiessee"]
[Date "2000.10.30"]
[Round "3"]
[White "Rabiega, Robert"]
[Black "Stimpel, Franz"]
[Result "1-0"]
[WhiteElo "2487"]
[BlackElo "2245"]
[PlyCount "65"]
[EventDate "2000.??.??"]

1. e4 e6 2. d3 d5 3. Qe2 Nf6 4. Nf3 dxe4 5. dxe4 b6 6. Nbd2 Ba6 7. Nc4 Bb7 8.
e5 Nd5 9. c3 Be7 10. g3 c5 11. Bg2 O-O 12. h4 b5 13. Ncd2 Qb6 14. Ne4 Nd7 15.
Bg5 f6 16. exf6 Bxf6 17. O-O Rae8 18. Rad1 c4 19. Bc1 Bd8 20. Kh2 Bc7 21. Nd4
e5 22. Nc2 Kh8 23. Nb4 Nxb4 24. Rxd7 Nd5 25. Rd1 Rd8 26. Qg4 Rxd7 27. Qxd7 Rd8
28. Qf5 Bc8 29. Qh5 Nf6 30. Nxf6 gxf6 31. Rxd8+ Bxd8 32. Qe8+ Kg7 33. h5 1-0

[Event "OIBM2000 - Bank Hofmann"]
[Site "Bad Wiessee"]
[Date "2000.10.30"]
[Round "3"]
[White "Doettling, Fabian"]
[Black "Laqua, Christian"]
[Result "1-0"]
[WhiteElo "2473"]
[BlackElo "2226"]
[PlyCount "81"]
[EventDate "2000.??.??"]

1. d4 Nf6 2. Nf3 g6 3. c4 Bg7 4. Nc3 O-O 5. e4 c6 6. Bd3 d6 7. h3 Nbd7 8. O-O
e5 9. d5 Nc5 10. Bc2 cxd5 11. cxd5 a5 12. Be3 b6 13. a3 Ba6 14. Re1 Qc7 15. Rc1
Rfc8 16. b4 axb4 17. axb4 Ncd7 18. Ba4 Qb8 19. Bc6 Ra7 20. b5 Bb7 21. Ra1 Rc7
22. Rxa7 Qxa7 23. Qa1 Bc8 24. Qxa7 Rxa7 25. Nd2 Ra3 26. Rc1 Bf8 27. Nc4 Rb3 28.
Na4 Nxe4 29. Ncxb6 Nxb6 30. Nxb6 Bf5 31. g4 Nc3 32. Rxc3 Rxc3 33. gxf5 Be7 34.
Nc8 Bd8 35. Nxd6 Kf8 36. b6 Rb3 37. b7 Bc7 38. Nb5 Bb8 39. f6 Rb1+ 40. Kg2 h5
41. Bc5+ 1-0

[Event "OIBM2000 - Bank Hofmann"]
[Site "Bad Wiessee"]
[Date "2000.10.30"]
[Round "3"]
[White "Epishin, Vladimir"]
[Black "Deglmann, Ludwig"]
[Result "1-0"]
[WhiteElo "2567"]
[BlackElo "2301"]
[PlyCount "57"]
[EventDate "2000.??.??"]

1. d4 f5 2. Nf3 Nf6 3. Bg5 e6 4. Nbd2 Be7 5. Bxf6 Bxf6 6. e4 fxe4 7. Nxe4 O-O
8. Qe2 d6 9. Qe3 Nc6 10. O-O-O e5 11. Nxf6+ Qxf6 12. dxe5 dxe5 13. Bd3 Bg4 14.
Be4 Rae8 15. Rhe1 Qf4 16. Kb1 Qxe3 17. Rxe3 Rf6 18. Kc1 Rd6 19. Rde1 Nd8 20. h3
Bh5 21. g4 Bf7 22. Bd3 Rf6 23. g5 Rf4 24. Nxe5 Rxf2 25. h4 g6 26. Nxf7 Rxe3 27.
Nh6+ Kf8 28. Rxe3 Rf4 29. Re4 1-0

[Event "OIBM2000 - Bank Hofmann"]
[Site "Bad Wiessee"]
[Date "2000.10.30"]
[Round "3"]
[White "Agdestein, Simen"]
[Black "Hedke, Fred"]
[Result "1/2-1/2"]
[WhiteElo "2590"]
[BlackElo "2347"]
[PlyCount "74"]
[EventDate "2000.??.??"]

1. d4 d5 2. c4 e6 3. Nc3 Nf6 4. cxd5 exd5 5. Bg5 Be7 6. e3 h6 7. Bh4 O-O 8. Qc2
b6 9. O-O-O Be6 10. h3 c5 11. g4 Nc6 12. f3 cxd4 13. exd4 a6 14. Kb1 b5 15. Be1
Rc8 16. Qf2 b4 17. Nce2 Qb6 18. Nc1 Rc7 19. Bd3 Rfc8 20. Nge2 Na5 21. b3 Nc4
22. h4 Na3+ 23. Ka1 Nd7 24. Bd2 Nf8 25. Bf4 Rc6 26. g5 h5 27. Be3 Bd6 28. Bf4
Be7 29. Be3 Qa5 30. Rd2 Bd6 31. Rb2 Qc7 32. f4 Bg4 33. f5 Re8 34. Bd2 Nc2+ 35.
Kb1 Na3+ 36. Ka1 Nc2+ 37. Kb1 Na3+ 1/2-1/2

[Event "OIBM2000 - Bank Hofmann"]
[Site "Bad Wiessee"]
[Date "2000.10.30"]
[Round "3"]
[White "Lerner, Konstantin"]
[Black "Buchal, Stephan"]
[Result "1-0"]
[WhiteElo "2583"]
[BlackElo "2335"]
[PlyCount "71"]
[EventDate "2000.??.??"]

1. d4 g6 2. e4 Bg7 3. c4 d6 4. Nc3 Nc6 5. d5 Nd4 6. Be3 c5 7. Nge2 Qb6 8. Na4
Qa5+ 9. Bd2 Qa6 10. Nxd4 Bxd4 11. Nc3 Bd7 12. Bd3 Nf6 13. h3 h6 14. Qc2 Qb6 15.
Rb1 g5 16. Ne2 Be5 17. g3 Rg8 18. b4 Qa6 19. f4 gxf4 20. gxf4 Bd4 21. Nxd4 cxd4
22. e5 Nh5 23. Kf2 O-O-O 24. Rhg1 Kb8 25. c5 Bb5 26. cxd6 exd6 27. Rxg8 Rxg8
28. Rc1 Qb6 29. Bxb5 a6 30. Be2 d3+ 31. Be3 Qd8 32. Qc7+ Qxc7 33. Rxc7 dxe2 34.
Rxf7 Rg2+ 35. Ke1 dxe5 36. Bb6 1-0

[Event "OIBM2000 - Bank Hofmann"]
[Site "Bad Wiessee"]
[Date "2000.10.30"]
[Round "3"]
[White "Gavrikov, Viktor"]
[Black "Seuffert, Gabriel"]
[Result "1-0"]
[WhiteElo "2549"]
[BlackElo "2293"]
[PlyCount "151"]
[EventDate "2000.??.??"]

1. Nf3 Nf6 2. c4 e6 3. Nc3 b6 4. e4 d6 5. d4 c5 6. d5 e5 7. g3 g6 8. Bg2 Bg7 9.
O-O O-O 10. Ne1 Kh8 11. Bg5 h6 12. Bd2 Ng8 13. f4 Nd7 14. f5 h5 15. Qc1 a6 16.
Nf3 Ndf6 17. Ng5 Nh7 18. fxg6 Nxg5 19. Bxg5 f6 20. Bd2 Qe8 21. Nd1 Qxg6 22. Ne3
Nh6 23. b4 h4 24. bxc5 bxc5 25. gxh4 f5 26. exf5 Nxf5 27. Nxf5 Bxf5 28. Rf3 Qh5
29. Bg5 e4 30. Rg3 Be5 31. Bf4 Bd4+ 32. Kh1 Qxh4 33. Bxd6 Rf7 34. Rb1 e3 35.
Rb3 Be4 36. Qd1 Bxg2+ 37. Rxg2 Rg8 38. Rb8 Rxb8 39. Bxb8 Rg7 40. Bg3 Qe4 41. d6
Qf5 42. Qe2 Rb7 43. Be1 Rd7 44. Rg4 Rf7 45. Rh4+ Kg8 46. Qg4+ Qxg4 47. Rxg4+
Kf8 48. Kg2 Be5 49. Rg6 Rd7 50. Bg3 Bxg3 51. Kxg3 Kf7 52. Rh6 Kg7 53. Re6 Rd8
54. Kf3 Kf7 55. Re7+ Kf6 56. Kxe3 Rxd6 57. Rc7 Re6+ 58. Kd3 Ke5 59. Rxc5+ Kd6
60. Rd5+ Kc6 61. h4 Re1 62. a4 Ra1 63. a5 Rd1+ 64. Kc2 Rh1 65. h5 Rh3 66. Kd2
Kc7 67. Rg5 Kc6 68. Ke2 Rc3 69. h6 Rh3 70. Rg6+ Kc5 71. Rxa6 Kxc4 72. Rg6 Rh5
73. a6 Re5+ 74. Kf3 Re8 75. h7 Rh8 76. a7 1-0

[Event "OIBM2000 - Bank Hofmann"]
[Site "Bad Wiessee"]
[Date "2000.10.31"]
[Round "4"]
[White "Klundt, Klaus"]
[Black "Naumann, Alexander"]
[Result "1/2-1/2"]
[WhiteElo "2362"]
[BlackElo "2489"]
[PlyCount "49"]
[EventDate "2000.??.??"]

1. e4 c5 2. Nf3 d6 3. d4 cxd4 4. Nxd4 Nf6 5. Nc3 a6 6. f4 e5 7. Nf3 Nbd7 8. Bd3
Be7 9. O-O b5 10. Kh1 Bb7 11. a3 exf4 12. Bxf4 Nc5 13. Qe2 O-O 14. Rae1 Ne6 15.
Bd2 Re8 16. Nd5 Nxd5 17. exd5 Nf8 18. c4 bxc4 19. Bxc4 Bf6 20. Qxe8 Qxe8 21.
Rxe8 Rxe8 22. b3 Nd7 23. Bb4 Nb6 24. Bxd6 Nxd5 25. Bc5 1/2-1/2

[Event "OIBM2000 - Bank Hofmann"]
[Site "Bad Wiessee"]
[Date "2000.10.31"]
[Round "4"]
[White "Golod, Vitali"]
[Black "Meduna, Eduard"]
[Result "1-0"]
[WhiteElo "2590"]
[BlackElo "2482"]
[PlyCount "91"]
[EventDate "2000.??.??"]

1. e4 c6 2. d4 d5 3. e5 Bf5 4. c3 e6 5. Be3 Nd7 6. Nd2 Ne7 7. f4 Bg6 8. Ngf3
Nf5 9. Bf2 Be7 10. g3 c5 11. Be2 cxd4 12. cxd4 Rc8 13. O-O Nh6 14. Qb3 O-O 15.
Rfc1 Qb6 16. h3 Bc2 17. Qxb6 Nxb6 18. Nb3 18... Na4 { } 19. Nc5 Nxc5 20. Rxc2
Ne4 21. Rac1 $16 {c-Linie, Raumvorteil, Sh6 ist vorlaeufig  ausser Spiel} 21...
Rxc2 22. Rxc2 Bd8 23. g4 Bb6 24. Be1 {Sichert das Laeuferpaar.} 24... f5 25. g5
Nf7 26. a4 a5 27. h4 Ra8 28. Bb5 Nd8 29. Kf1 Kf7 30. b4 axb4 31. Bxb4 31... Kg8
{Schwarz kann nur abwarten.  } 32. Ke2 Kf7 33. Kd3 Kg8 34. Ke3 Kf7 35. h5 g6
36. h6 Ng3 37. Ne1 {Die entscheidende Umgruppierung.} 37... Ne4 38. Nd3 Kg8 39.
Nc1 Kf7 40. Kd3 Ng3 41. Nb3 Nh5 42. Bd2 Kg8 43. a5 Ba7 44. Rc7 Rb8 45. Nc1 Kf8
46. Ne2 {Eine feine Positionspartie.} 1-0

[Event "OIBM2000 - Bank Hofmann"]
[Site "Bad Wiessee"]
[Date "2000.10.31"]
[Round "4"]
[White "Doettling, Fabian"]
[Black "Gavrikov, Viktor"]
[Result "1-0"]
[WhiteElo "2473"]
[BlackElo "2549"]
[PlyCount "93"]
[EventDate "2000.??.??"]

1. d4 Nf6 2. c4 e6 3. Nf3 b6 4. e3 d5 5. Nc3 Bb7 6. Bd3 Bd6 7. O-O O-O 8. Qe2
8... Ne4 $5 {Schwarz moechte auf Gewinn spielen. Deshalb  tritt er 9.e4 mit
Vereinfachungen entgegen.} 9. Nd2 9... f5 {Nach hollaendischen Vorbildern.} 10.
f3 {Richtig. Der Vorstoss e3-e4 ist auch im Stonewall erfolgversprechend.
}
10... Nxc3 11. bxc3 Nd7 12. Bb2 {Die unguenstige Position dieses Laeufers kann
Weiss spaeter mit cxd5 nebst c3-c4 beheben.} 12... c5 13. e4 $1 {Droht 14.cxd5
exd5 15.e5. Das weisse Zentrum waere befestigt und der Lb7 eingeschraenkt.}
13... dxe4 14. fxe4 fxe4 15. Rxf8+ Nxf8 16. Nxe4 16... Bxe4 $2 {Vielleicht ein
unnoetiges, vor allem aber  schweres positionelles Zugestaendnis. Weiss wird
Herrscher auf den weissen Feldern und der Sf8 zum Statisten.} 17. Qxe4 Rc8 (
17... Be7 18. Bc1 Bf6 19. Be3) 18. Rf1 Be7 19. Bc1 $1 19... Bf6 20. Be3 Rc7 21.
Be2 Qe8 22. Bf4 Rc8 23. Be3 Qe7 24. Kh1 Kh8 25. h3 $1 {Weiss ruestet sich fuer
alle Eventualitaeten. Dem gegenueber kann Schwarz kein Luftloch machen, da
sowohl g7-g6 als auch h7-h6 seine Koenigsstellung  empfindlich schwaechen
wuerde.} 25... Kg8 26. Kg1 26... cxd4 $6 {Schwarz ist die muehsame
Verteidigung leid.  Da er sich nach der Zeitnot wenig Chancen auf eine
erfolgreiche Verteidigung ausrechnen kann (Fabian haette dann genug Zeit,
einen erfolgversprechenden Plan zu finden) sucht Schwarz in beiderseitiger
Zeitnot nach dem Lucky Punch.        } 27. cxd4 Qa3 28. Bg4 Re8 29. Rf2 Qb4 30.
d5 b5 31. Be2 a5 32. Bd3 bxc4 33. Bxc4 Rc8 34. Bd3 34... exd5 {Das Endspiel
mit dem fuer Kaempfe auf beiden Fluegeln ungeeigneten Sf8 waere auch eine
Quaelerei.} 35. Qxd5+ Kh8 36. Rf1 Rd8 37. Qc4 Qa3 38. Rd1 Ng6 39. Bc5 { } 39...
Ne5 $4 (39... Qxc5+ {war vielleicht die beste Chance.} 40. Qxc5 Bd4+ 41. Qxd4
41... Rxd4 $14) 40. Qc2 Qxd3 41. Rxd3 Nxd3 42. Bb6 Nb4 43. Qe2 Rb8 44. Bxa5 Nc6
45. Bc7 Nd4 46. Qe4 Rc8 47. Bb6 1-0

[Event "OIBM2000 - Bank Hofmann"]
[Site "Bad Wiessee"]
[Date "2000.10.31"]
[Round "4"]
[White "Groeppel, Peter"]
[Black "Khenkin, Igor"]
[Result "0-1"]
[WhiteElo "2170"]
[BlackElo "2633"]
[PlyCount "80"]
[EventDate "2000.??.??"]

1. Nf3 d5 2. d4 Nf6 3. c4 c6 4. cxd5 cxd5 5. Nc3 Nc6 6. Bf4 Ne4 7. e3 Nxc3 8.
bxc3 g6 9. Be2 Bg7 10. O-O O-O 11. c4 dxc4 12. Bxc4 Bf5 13. Rc1 Rc8 14. h3 a6
15. Qe2 { } 15... Na5 16. Bd3 Bxd3 17. Qxd3 Qd5 18. Qa3 e6 19. Rc7 Rxc7 20.
Bxc7 Nc4 21. Qe7 Qc6 22. Bf4 Re8 23. Qc7 Qxc7 24. Bxc7 Rc8 25. Bf4 { } 25...
Na3 26. Bd6 Bf8 27. Bxf8 Kxf8 28. Rd1 Rc2 29. Rd2 Rc1+ 30. Kh2 Nc4 31. Re2 b5
32. Ne1 a5 33. Nd3 Rc3 34. Nb2 Na3 35. Rd2 a4 36. Rd3 Rxd3 37. Nxd3 Nc2 38. Kg3
b4 39. Kf3 b3 40. a3 Ne1+ 0-1

[Event "OIBM2000 - Bank Hofmann"]
[Site "Bad Wiessee"]
[Date "2000.10.31"]
[Round "4"]
[White "Muse, Mladen"]
[Black "Kluger, Norbert"]
[Result "1-0"]
[WhiteElo "2510"]
[BlackElo "2220"]
[PlyCount "63"]
[EventDate "2000.??.??"]

1. d4 Nf6 2. Nf3 d5 3. c4 3... g6 $6 4. cxd5 Nxd5 5. h3 (5. e4 $14) 5... Bg7 6.
e4 Nb6 7. Nc3 O-O 8. Be3 8... c6 $6 9. Qd2 9... Re8 $6 10. Bh6 Bh8 11. O-O-O
11... Qc7 $6 12. h4 {Schwarz hat in der Eroeffnung mehrfach gesuendigt und die
Figurenentwicklung vernachlaessigt. Jetzt wird er von seinem erfahrenen Gegner
nach allen Regeln der Schachkunst belehrt.} 12... Bg4 13. h5 N8d7 (13... Bxh5
14. Rxh5 gxh5 15. Qg5+ Bg7 16. Qxg7#) 14. hxg6 hxg6 15. Bf4 15... Qd8 $6 {
Danach brennt Weiss ein Feuerwerk ab.} (15... e5) 16. Rxh8+ $1 16... Kxh8 17.
Ne5 Nxe5 (17... Be6 18. d5 cxd5 19. exd5 Nxd5 (19... Nxe5 20. Bxe5+ f6 21. Qh6+
) 20. Nxd5 $16) 18. Bxe5+ Kh7 19. Be2 Bxe2 20. Nxe2 f6 21. Rh1+ Kg7 22. Qh6+
Kf7 23. Qh7+ Ke6 24. Qxg6 Kd7 25. Qg4+ e6 26. Rh7+ Re7 (26... Kc8 27. Qg7 Qd7 (
27... Nd7 28. Bxf6 Qc7 29. Qg6 Rf8 30. Be7 $18) 28. Qg6 fxe5 29. Rxd7 Kxd7 30.
Qg7+ Re7 31. Qxe5 $18) 27. Nf4 $3 {Weiss spielt bis zum Schluss elegant und
laesst sich nicht mit prosaischem Materialvorteil abspeisen.} (27. Bxf6) 27...
Qg8 28. Nh5 $3 28... fxe5 29. Nf6+ Kd6 30. dxe5+ Kxe5 31. Nxg8 Rxh7 32. Qg3+
1-0

[Event "OIBM2000 - Bank Hofmann"]
[Site "Bad Wiessee"]
[Date "2000.10.31"]
[Round "4"]
[White "Grund, Holger"]
[Black "Epishin, Vladimir"]
[Result "1/2-1/2"]
[WhiteElo "2475"]
[BlackElo "2567"]
[PlyCount "62"]
[EventDate "2000.??.??"]

1. e4 c5 2. Nf3 e6 3. c3 Nf6 4. e5 Nd5 5. d4 cxd4 6. cxd4 Be7 7. Nc3 Nxc3 8.
bxc3 d6 9. Bd3 dxe5 10. Nxe5 Nc6 11. Nxc6 bxc6 12. Qg4 g6 13. Bh6 Bf8 14. Qf4
Bxh6 15. Qxh6 c5 16. Be4 Rb8 17. Qg7 Ke7 18. O-O cxd4 19. Rfd1 Rb5 20. Rac1 Rg8
21. Qh6 Rh5 22. Qd2 Qc7 23. g3 d3 24. Qxd3 Re5 25. Qd4 Rd8 26. Qb4+ Qc5 27.
Rxd8 Kxd8 28. Bf3 Qxb4 29. cxb4 a5 30. bxa5 Rxa5 31. Rc2 Ba6 1/2-1/2

[Event "OIBM2000 - Bank Hofmann"]
[Site "Bad Wiessee"]
[Date "2000.10.31"]
[Round "4"]
[White "Mainka, Romuald"]
[Black "Gyimesi, Zoltan"]
[Result "1/2-1/2"]
[WhiteElo "2463"]
[BlackElo "2539"]
[PlyCount "73"]
[EventDate "2000.??.??"]

1. e4 e5 2. Nf3 Nc6 3. Bc4 Bc5 4. d3 Nf6 5. c3 a6 6. Bb3 d6 7. h3 Ba7 8. Nbd2
Ne7 9. Nf1 Ng6 10. Ng3 O-O 11. O-O b5 12. Re1 h6 13. Nh2 c6 14. d4 Re8 15. Nf3
c5 16. dxe5 dxe5 17. Qxd8 Rxd8 18. a4 c4 19. Bc2 Be6 20. Nf5 Bc5 21. Be3 Nd7
22. Red1 Bxe3 23. Nxe3 f6 24. Rd6 Nc5 25. Rxd8+ Rxd8 26. axb5 axb5 27. Ra5 Rb8
28. Ra7 Nf4 29. Nf5 Bxf5 30. exf5 Ncd3 31. Bxd3 Nxd3 32. Ra2 Nc1 33. Ra7 Nd3
34. Ra2 Rd8 35. Ra5 Rb8 36. Ra2 Rd8 37. Ra5 1/2-1/2